| 000 | 00000nam 2200000zi 4500 |
| 001 | 9.954310 |
| 003 | CaOODSP |
| 005 | 20250820113543 |
| 006 | m o d f |
| 007 | cr mn||||||||| |
| 008 | 250820e20240918oncd obs f000 0 eng d |
| 040 | |aCaOODSP|beng|erda|cCaOODSP |
| 043 | |an-cn--- |
| 086 | 1 |aCS82-003/2024-9-2E-PDF |
| 100 | 1 |aBader, Danielle, |eauthor. |
| 245 | 10|aUnderstanding experiences of non-physical maltreatment in childhood in Canada : |bwhat is the relationship with suicidal ideation and mental health disorders? / |cby Danielle Bader and Kristyn Frank. |
| 264 | 1|a[Ottawa] : |bStatistics Canada = Statistique Canada, |cSeptember 18, 2024. |
| 264 | 4|c©2024 |
| 300 | |a1 online resource (pages 16-28) : |bcharts. |
| 336 | |atext|btxt|2rdacontent |
| 337 | |acomputer|bc|2rdamedia |
| 338 | |aonline resource|bcr|2rdacarrier |
| 490 | 1 |aHealth reports, |x1209-1367 ; |vvol. 35, no. 9, [2] |
| 500 | |aIssued also in French under title: Comprendre les expériences de mauvais traitements non physiques infligés pendant l’enfance au Canada : quels sont les liens avec les idées suicidaires et les troubles de santé mentale? |
| 504 | |aIncludes bibliographical references (pages 27-28). |
| 520 | |a"Physical and sexual childhood abuse are associated with suicidal ideation and mental health disorders. However, less is known about non-physical types of maltreatment. This study examined associations between non-physical types of child maltreatment (e.g., emotional abuse, interpersonal aggression, exposure to physical intimate partner violence, emotional and physical neglect) and suicidal ideation, and mental health disorders"--Page 16. |
| 650 | 0|aChild abuse|zCanada|vStatistics. |
| 650 | 0|aMental illness|zCanada|vStatistics. |
| 655 | 7|aStatistics|2lcgft |
| 710 | 2 |aStatistics Canada, |eissuing body. |
| 775 | 08|tComprendre les expériences de mauvais traitements non physiques infligés pendant l’enfance au Canada : |w(CaOODSP)9.954315 |
| 830 | #0|aHealth reports (Series)|x1209-1367 ; |vvol. 35, no. 9, [2].|w(CaOODSP)9.950253 |
| 856 | 40|qPDF|s460 KB|uhttps://publications.gc.ca/collections/collection_2025/statcan/82-003-x/CS82-003-2024-9-2-eng.pdf |
| 856 | 41|qHTML|sN/A|uhttps://www150.statcan.gc.ca/n1/pub/82-003-x/2024009/article/00002-eng.htm |